Inflación y estancamiento en la URSS.

Faktory pohybu ekonomickej aktivity v ZSSR z latinsko-amerického pohľadu. Signály v posledných rokoch - rast inflácie sprevádzaný poklesom tempa ekonomického rastu. Vývoj cien v 80. rokoch. Situácia na trhu práce. Opatrenia na zamedzenie stagnácie.

Salvato in:
Dettagli Bibliografici
Autore principale: Valenzuela Feijóo, J.C
Natura: Capitolo di libro
Lingua:spagnolo
Soggetti:
Tags: Aggiungi Tag
Nessun Tag, puoi essere il primo ad aggiungerne!!

MARC

LEADER 00000naa a2200000 4500
001 r005401
005 20221130102728.4
041 0 |a spa 
044 |a MX 
245 1 0 |a Inflación y estancamiento en la URSS.  |c J.C. Valenzuela Feijóo 
520 |a Faktory pohybu ekonomickej aktivity v ZSSR z latinsko-amerického pohľadu. Signály v posledných rokoch - rast inflácie sprevádzaný poklesom tempa ekonomického rastu. Vývoj cien v 80. rokoch. Situácia na trhu práce. Opatrenia na zamedzenie stagnácie. 
610 2 0 |a hospodárstvo národné 
610 2 0 |a ZSSR 
610 2 0 |a kríza hospodárska 
610 2 0 |a inflácia 
610 2 0 |a tempo rastu hospodárskeho 
610 2 0 |a ceny 
610 2 0 |a 1981-1990 
610 2 0 |a trh práce 
100 1 |a Valenzuela Feijóo, J.C.